[Event "Calvia Amateur op 8th"]
[Site "Calvia"]
[Date "2011.10.09"]
[Round "2"]
[White "Sokalskaja, Elena"]
[Black "Van den Bersselaar, Jeroen"]
[Result "0-1"]
[WhiteElo "2040"]
[BlackElo "2211"]
[PlyCount "142"]
[EventDate "2011.10.08"]
[EventType "swiss"]
[EventRounds "9"]
[EventCountry "ESP"]
[SourceTitle "CBM 144 Extra"]
[Source "ChessBase"]
[SourceDate "2011.10.28"]
[SourceVersion "1"]
[SourceVersionDate "2011.10.28"]
[SourceQuality "1"]

1. d4 d5 2. Nf3 Nf6 3. g3 c6 4. Bg2 Bf5 5. 0-0 e6 6. Nbd2 h6 7. c4 Nbd7 8. b3 Be7 9. Bb2 0-0 10. Ne5 Qc7 11. Ndf3 Rad8 12. Nxd7 Nxd7 13. cxd5 exd5 14. Rc1 Bf6 15. Qd2 Rfe8 16. Ne1 Qb6 17. e3 Qb5 18. Bf3 a5 19. Be2 Qb6 20. Bc3 Ra8 21. Nd3 a4 22. b4 Qa7 23. Nc5 Nb6 24. b5 g5 25. Bb4 Bg7 26. bxc6 bxc6 27. Rfd1 Bg6 28. Bd3 Bh5 29. Be2 Bxe2 30. Qxe2 f5 31. Qd3 Qf7 32. Rb1 Nc4 33. Bc3 Ra7 34. Rb4 Bf8 35. Rdb1 Rae7 36. Rb7 Nd6 37. Rxe7 Rxe7 38. Rb6 f4 39. Rxc6 fxe3 40. fxe3 Re8 41. Bd2 Nc4 42. Bc1 Bg7 43. Qg6 Qxg6 44. Rxg6 Nxe3 45. Bxe3 Rxe3 46. Ne6 Kf7 47. Rxg7+ Kxe6 48. Rg6+ Kf5 49. Rxh6 Ra3 50. Kf2 Rxa2+ 51. Ke3 Ra3+ 52. Kd2 Ke4 53. Rh5 Kxd4 54. Rxg5 Ra2+ 55. Kc1 Rxh2 56. Rg8 a3 57. Kb1 a2+ 58. Ka1 Kd3 59. g4 d4 60. g5 Rg2 61. g6 Kd2 62. g7 d3 63. Kxa2 Kd1+ 64. Kb3 d2 65. Kb2 Rg6 66. Kc3 Kc1 67. Rd8 Rxg7 68. Ra8 Rg3+ 69. Kb4 d1Q 70. Ra1+ Kd2 71. Ra2+ Ke1 0-1

[Event "Calvia Amateur op 7th"]
[Site "Calvia"]
[Date "2010.10.14"]
[Round "6"]
[White "Carranza Pons, Ricardo Nelson"]
[Black "Sokalskaja, Elena"]
[Result "0-1"]
[WhiteElo "1853"]
[BlackElo "2036"]
[PlyCount "68"]
[EventDate "2010.10.09"]
[EventType "swiss"]
[EventRounds "9"]
[EventCountry "ESP"]
[SourceTitle "EXT 2011"]
[Source "ChessBase"]
[SourceDate "2010.11.26"]
[SourceVersion "1"]
[SourceVersionDate "2010.11.26"]
[SourceQuality "1"]

1. e4 c6 2. d4 d5 3. Nc3 b5 4. exd5 b4 5. Ne4 cxd5 6. Bb5+ Bd7 7. Bxd7+ Nxd7 8. Ng3 Ngf6 9. Nf3 Qc7 10. Bg5 e6 11. Qe2 Rc8 12. 0-0 Be7 13. Bxf6 Bxf6 14. Nf5 0-0 15. Ne3 Nb6 16. b3 Qc3 17. Rad1 Rc7 18. Qd2 g6 19. Ne5 Bxe5 20. dxe5 Nd7 21. f4 Qxd2 22. Rxd2 Rfc8 23. a3 Rc3 24. Kf2 Nc5 25. Re2 Ne4+ 26. Kg1 bxa3 27. Ra1 R3c7 28. Rxa3 Nc3 29. Rf2 h5 30. h4 Rb8 31. Ra6 Rb4 32. g3 Re4 33. Nf1 Ne2+ 34. Kg2 Nd4 0-1